000 01478nam a2200373 c 4500
999 _c342156
_d342156
003 BLK
005 20240316005343.0
008 180911b bul|||||r ||||||| ||bul||
010 _a001794
040 _aBLK
041 _aBUL
_cBUL
080 _aСборник
_x92
_z882.09882(092)92
100 1 _aНИКОЛОВ, Еню
_eпърви автор
_9398518
245 0 0 _aНова руска литература
260 _aСофия
_bФакел
_c1935
300 _a157, III с
_c17 см
380 _a82
490 _aБиблиотека Лит. разбори
490 _aЧастна колекция - Академик Михаил Арнаудов
_gДарение - Основен фонд
500 _aЗа живота и творчеството на Пушкин (1. л.) и за декабристите (1 л.) : с. 26-27.;
520 _aМихаил Арнаудов: негови-лист-ръкопис
520 _aЗа живота и творчеството на Пушкин 1. л. и за декабристите 1 л. : с. 26-27.
650 4 _aБиографии
_9148657
650 0 _aСборници
_9396392
655 _aЛитературознание
_9396446
700 1 _aЕню Николов
_9398582
852 _aМА 1996
852 _aЦб 8.170.4768
_bО
942 _cKNG
_n0
_s1
944 _aCR
_c1997
_k
_lCRON CRON
944 _aED
_c2021-06-27
_kВП
999 _d342156
999 _d342156